[Event "Julian Mazur Memorial"]
[Site "Wellington Chess Club"]
[Date "2023.08.03"]
[Round "3.1"]
[White "Croad, Nicolas"]
[Black "Langford, Josh"]
[Result "1/2-1/2"]
[WhiteElo "2423"]
[BlackElo "2137"]

1. d4 d5 2. c4 e6 3. Nc3 a6 4. Bf4 dxc4 5. a4 Nc6 6. e3 Na5 7. Nf3 Nf6 8. Ne5
Nd5 9. Qh5 g6 10. Qf3 Nxf4 11. Qxf4 Qe7 12. d5 Bg7 13. Nxc4 Nxc4 14. Bxc4 O-O
15. O-O e5 16. Qf3 Qb4 17. Qe2 Bf5 18. e4 Bd7 19. Ra3 Rab8 20. Rd1 b5 21. axb5
axb5 22. Bd3 Rfd8 23. Na2 Qd4 24. Rc3 Ra8 25. Nc1 Rdc8 26. Nb3 Qb4 27. Rdc1 Ra2
28. Bb1 Ra7 29. Qe3 Raa8 30. Rxc7 Rxc7 31. Rxc7 Bh6 32. Qc3 Qxc3 33. bxc3 Ra3
34. Bc2 Bg4 35. h3 Be2 36. d6 Ra2 37. h4 Bf8 38. d7 Be7 39. Na5 Ra1+ 40. Kh2
Rxa5 41. Rc8+ Kg7 42. d8=Q Bxd8 43. Rxd8 Ra3 44. Bd3 Bxd3 45. Rxd3 b4 46. Rd5
Rxc3 47. Rxe5 Kf6 48. Rb5 b3 1/2-1/2

[Event "Julian Mazur Memorial"]
[Site "Wellington Chess Club"]
[Date "2023.08.03"]
[Round "3.2"]
[White "Timergazi, Layla"]
[Black "Ker, Anthony"]
[Result "0-1"]
[WhiteElo "2137"]
[BlackElo "2399"]

1. d4 Nf6 2. c4 e6 3. Nc3 Bb4 4. g3 Ne4 5. Qc2 Nxc3 6. bxc3 Be7 7. Bg2 c5 8.
Nf3 Nc6 9. O-O O-O 10. Bf4 Na5 11. Nd2 d6 12. dxc5 dxc5 13. Rfd1 Qe8 14. Bc7
Nc6 15. Ne4 e5 16. Nd6 Qd7 17. Nb5 Qe6 18. Bd6 Bxd6 19. Nxd6 Nd4 20. cxd4 Qxd6
21. dxc5 Qxc5 22. Rab1 Rb8 23. Rb5 Qc7 24. Qe4 Be6 25. Rxb7 Rxb7 26. Qxb7 Qxc4
27. Qb2 f6 28. a3 Rc8 29. h4 Kf7 30. Rd6 Ke7 31. Rd1 a5 32. Qb6 Qc7 33. Rb1 Bd7
34. Qa6 a4 35. Rb7 Qc1+ 36. Kh2 Rc7 37. Rxc7 Qxc7 38. Qd3 f5 39. Qe3 Qd6 40.
Bh3 h6 41. Kg1 Kf6 42. Bg2 Be6 43. h5 Bb3 44. Qc1 Qd1+ 45. Qxd1 Bxd1 46. Kf1
Kg5 47. Ke1 Bb3 48. Bc6 Kxh5 49. f3 Kg5 50. Kd2 h5 51. Ke3 f4+ 52. Kf2 fxg3+
53. Kxg3 h4+ 54. Kf2 Kf6 55. Bd7 Ke7 56. Bf5 g5 57. Kg2 Kd6 58. Kh3 Be6 0-1

[Event "Julian Mazur Memorial"]
[Site "Wellington Chess Club"]
[Date "2023.08.03"]
[Round "3.3"]
[White "Dive, Russell"]
[Black "Young, Cohen"]
[Result "1-0"]
[WhiteElo "2327"]
[BlackElo "2099"]

1. d4 Nf6 2. c4 e6 3. Nc3 Bb4 4. e3 O-O 5. Bd3 b6 6. Ne2 c5 7. a3 Bxc3+ 8. bxc3
Nc6 9. e4 e5 10. d5 Na5 11. Ng3 Ne8 12. f4 f6 13. O-O Nd6 14. fxe5 fxe5 15. Nf5
Nxf5 16. exf5 Qf6 17. Qg4 Ba6 18. Bg5 Qf7 19. Rae1 d6 20. f6 g6 21. h4 Bc8 22.
Qg3 Re8 23. h5 1-0

[Event "Julian Mazur Memorial"]
[Site "Wellington Chess Club"]
[Date "2023.08.03"]
[Round "3.4"]
[White "Winsley, Nicholas"]
[Black "Winter, Ryan"]
[Result "0-1"]
[WhiteElo "2061"]
[BlackElo "2256"]

1. e4 c5 2. Nf3 e6 3. d4 cxd4 4. Nxd4 Nc6 5. Be3 Qc7 6. Nc3 a6 7. a3 b5 8. g3
Bb7 9. Bg2 Nf6 10. O-O Ne5 11. Re1 Be7 12. Bf4 d6 13. Nf3 O-O 14. Qe2 Rac8 15.
Rad1 Rfd8 16. Nxe5 dxe5 17. Bg5 h6 18. Bxf6 Bxf6 19. Rxd8+ Bxd8 20. Rd1 Be7 21.
Rd3 Bc5 22. Na2 Bc6 23. c3 Qb7 24. Nc1 a5 25. Rd2 Qb8 26. Nd3 Bb6 27. Qh5 Bc7
28. Nc5 Qa8 29. Qg4 Bb6 30. Nd7 Bxd7 31. Rxd7 Qc6 32. Qd1 Bd4 33. Rxd4 exd4 34.
Qxd4 Qc7 0-1

[Event "Julian Mazur Memorial"]
[Site "Wellington Chess Club"]
[Date "2023.08.03"]
[Round "3.5"]
[White "Archer, Ollie"]
[Black "Loke, Kayden"]
[Result "1-0"]
[WhiteElo "2158"]
[BlackElo "2045"]

1. d4 { [%eval 0.0] } 1... c5 $6 { Inaccuracy. Nf6 was best.   [%eval 0.98] }
(1... Nf6 2. c4 e6 3. Nf3 d5 4. cxd5 exd5 5. Bf4 c6 6. Nc3) 2. d5 { [%eval 0.8]
} 2... e5 $6 { Inaccuracy. Nf6 was best.   [%eval 1.59] }  (2... Nf6 3. Nc3 d6
4. e4 e6 5. Bc4 Be7 6. Nge2 O-O 7. O-O) 3. e4 { [%eval 1.26] } 3... d6 { [%eval
1.71] } 4. Nc3 { [%eval 1.61] } 4... a6 { [%eval 1.67] } 5. a4 { [%eval 1.88] }
5... Be7 { [%eval 1.83] } 6. Bd3 $6 { Inaccuracy. g3 was best.   [%eval 1.05] }
(6. g3 f5 7. exf5 Bxf5 8. g4 Bg6 9. h4 h6 10. Bd3 Bxd3) 6... g6 { [%eval 1.3] }
7. f4 { [%eval 0.91] } 7... exf4 { [%eval 0.89] } 8. Bxf4 { [%eval 0.97] } 8...
Bg5 { [%eval 1.45] } 9. Bxg5 { [%eval 0.99] } 9... Qxg5 { [%eval 1.0] } 10. Qe2
{ [%eval 0.79] } 10... Bg4 { [%eval 1.34] } 11. Qf2 { [%eval 0.79] } 11... Qf6
$6 { Inaccuracy. Nd7 was best.   [%eval 1.44] }  (11... Nd7 12. Qg3 Ne5 13. Be2
Nf6 14. Nf3 Qe3 15. Nxe5 Qxg3+ 16. hxg3 Bxe2 17. Kxe2 dxe5 18. a5) 12. Qg3 {
[%eval 1.07] } 12... h5 $2 { Mistake. Bh5 was best.   [%eval 2.57] }  (12...
Bh5 13. Qh3 Qg5 14. Qc8+ Qd8 15. Qxd8+ Kxd8 16. h3 g5 17. g4 Bg6 18. Nf3 f6 19.
h4) 13. h3 { [%eval 2.31] } 13... Bc8 { [%eval 2.36] } 14. Nf3 { [%eval 2.35] }
14... h4 { [%eval 2.3] } 15. Qh2 { [%eval 2.55] } 15... Nd7 { [%eval 2.67] }
16. O-O { [%eval 2.6] } 16... Rh5 $2 { Mistake. Ne5 was best.   [%eval 4.75] }
(16... Ne5 17. Nxe5) 17. e5 { [%eval 4.51] } 17... Qd8 { [%eval 5.47] } 18. e6
{ [%eval 5.43] } 18... Ndf6 { [%eval 5.42] } 19. exf7+ $6 { Inaccuracy. Qf4 was
best.   [%eval 3.6] }  (19. Qf4 c4 20. Qxc4 Qb6+ 21. Kh1 Kf8 22. Rae1 Bd7 23.
exd7 Rd8 24. Nxh4 Re5 25. Nxg6+ fxg6) 19... Kxf7 { [%eval 3.32] } 20. Nd2 {
[%eval 3.2] } 20... Kg7 { [%eval 3.09] } 21. Qf4 { [%eval 2.57] } 21... Bf5 {
[%eval 2.71] } 22. Bxf5 { [%eval 2.59] } 22... Rxf5 { [%eval 2.57] } 23. Qxh4 {
[%eval 2.56] } 23... Rh5 $6 { Inaccuracy. Rxf1+ was best.   [%eval 3.44] }  (
23... Rxf1+ 24. Rxf1) 24. Qf4 { [%eval 3.07] } 24... Rf5 { [%eval 3.14] } 25.
Qg3 { [%eval 3.25] } 25... Qd7 { [%eval 3.42] } 26. Nc4 { [%eval 3.78] } 26...
Rd8 { [%eval 3.44] } 27. Nb6 { [%eval 3.1] } 27... Rxf1+ { [%eval 3.06] } 28.
Rxf1 { [%eval 3.17] } 28... Qe7 { [%eval 3.23] } 29. Nc4 { [%eval 3.03] } 29...
Nh5 { [%eval 3.38] } 30. Qd3 { [%eval 3.0] } 30... Nhf6 { [%eval 2.99] } 31.
Rf3 { [%eval 3.12] } 31... Nh6 { [%eval 3.69] } 32. Re3 { [%eval 3.52] } 32...
Qf7 { [%eval 3.75] } 33. g4 { [%eval 3.34] } 33... Nfxg4 { [%eval 3.98] } 34.
hxg4 { [%eval 4.21] } 34... Rf8 { [%eval 4.21] } 35. Qe2 { [%eval 3.95] } 35...
Qf4 { [%eval 4.27] } 36. Re4 { [%eval 4.2] } 36... Qc1+ { [%eval 4.87] } 37.
Kg2 { [%eval 4.88] } 37... Nf7 { [%eval 5.03] } 38. Qd2 { [%eval 5.03] } 38...
Qa1 { [%eval 5.43] } 39. Re1 { [%eval 6.1] } 39... Qxe1 { [%eval 5.77] } 40.
Qxe1 { [%eval 6.3] } 40... Rb8 { [%eval 8.44] } 41. Qe7 { [%eval 8.96] } 41...
b5 $2 { Checkmate is now unavoidable. Re8 was best.   [%eval #7] }  (41... Re8
42. Qxe8) 42. Nxd6 { [%eval #6] } 42... Rf8 { [%eval 32.8] } 43. Nce4 { [%eval
#5] } 43... bxa4 { [%eval #4] } 44. Qf6+ { [%eval #4] } 44... Kh7 { [%eval #4]
} 45. Nxf7 { 1-0   [%eval #3] } 1-0

[Event "Julian Mazur Memorial"]
[Site "Wellington Chess Club"]
[Date "2023.08.03"]
[Round "3.6"]
[White "Malcolm, Aidan"]
[Black "Rossiter, Philip E"]
[Result "0-1"]
[WhiteElo "1831"]
[BlackElo "1794"]

1. f4 Nf6 2. Nf3 d6 3. d3 c5 4. e4 Nc6 5. a4 e6 6. Be2 Be7 7. O-O Qc7 8. c3 Bd7
9. Bd2 O-O 10. Na3 a6 11. h3 Rab8 12. g4 b5 13. axb5 axb5 14. Nh2 Rfc8 15. g5
Ne8 16. Qe1 d5 17. e5 d4 18. c4 bxc4 19. Nxc4 Nb4 20. Bxb4 Rxb4 21. Nf3 Rcb8
22. Nfd2 Bc6 23. Bf3 Bxf3 24. Rxf3 Qd7 25. h4 Nc7 26. Ra7 R4b7 27. Rxb7 Rxb7
28. Qg3 Nd5 29. Ne4 Qa4 30. f5 Ne3 31. Rxe3 dxe3 32. fxe6 Qd1+ 33. Kh2 e2 34.
exf7+ Kf8 35. Nc3 e1=Q 36. Nxd1 Qxd1 37. g6 hxg6 38. Qxg6 Qe2+ 39. Kg1 Qe1+ 40.
Kg2 Qxh4 41. Nd6 Rxb2+ 42. Kf3 Rf2+ 43. Ke3 Qf4# 0-1

[Event "Julian Mazur Memorial"]
[Site "Wellington Chess Club"]
[Date "2023.08.03"]
[Round "3.7"]
[White "Cilia Vincenti, David"]
[Black "Jackson, Ross"]
[Result "1-0"]
[WhiteElo "2124"]
[BlackElo "1925"]

1. d4 d5 2. Nf3 Nf6 3. e3 e6 4. Bd3 c5 5. b3 Nc6 6. Bb2 cxd4 7. exd4 Bd6 8. O-O
Qc7 9. a3 O-O 10. Nbd2 e5 11. dxe5 Nxe5 12. Nxe5 Bxe5 13. Bxe5 Qxe5 14. Re1 Qd6
15. h3 Be6 16. Nf3 Rad8 17. Qd2 Rfe8 18. Qb4 b6 19. Qxd6 Rxd6 20. b4 Red8 21.
Nd4 g6 22. a4 a5 23. bxa5 bxa5 24. Reb1 Bd7 25. Rb7 Ra8 26. Bb5 Bxb5 27. Rxb5
Nd7 28. Rab1 Raa6 29. Nb3 Nf6 30. Nxa5 Ne4 31. R1b4 Nc3 32. Rc5 Ne4 33. Rc8+
Kg7 34. Nb3 Rf6 35. f3 Ng3 36. Kf2 Ne4+ 37. Ke3 Nd6 38. Rc5 Nf5+ 39. Kf2 Rad6
40. Nd4 Ne7 41. g4 g5 42. Rb7 Kf8 43. Rb8+ Kg7 44. Rc7 Nc6 45. Nxc6 Rxc6 46.
Rxc6 Rxc6 47. Rb2 Kf6 48. a5 Ke5 49. Ra2 Ra6 50. Ke3 d4+ 51. Kd3 Kf4 52. Kxd4
Kxf3 53. Ra3+ Kf4 54. Kc5 1-0

[Event "Julian Mazur Memorial"]
[Site "Wellington Chess Club"]
[Date "2023.08.03"]
[Round "3.8"]
[White "Brockway, Andrew"]
[Black "Van der Hoorn, Thomas"]
[Result "0-1"]
[WhiteElo "1675"]
[BlackElo "2138"]

1. e4 c6 2. Nc3 d5 3. Nf3 Bg4 4. exd5 cxd5 5. Bb5+ Nc6 6. h3 Bxf3 7. Qxf3 e6 8.
d3 Bd6 9. O-O a6 10. Bxc6+ bxc6 11. Bd2 Nf6 12. Rae1 O-O 13. Bf4 Qc7 14. Bxd6
Qxd6 15. d4 Rab8 16. b3 c5 17. Rd1 Rfc8 18. Ne2 cxd4 19. Nxd4 Qb4 20. Qe3 Rc3
21. Qe5 Rbc8 22. f3 Qb6 23. Kh2 Nd7 24. Qg3 Qc7 25. Qxc7 R8xc7 26. f4 Nf6 27.
Rf3 Rxf3 28. gxf3 Nh5 29. Rd2 Nxf4 30. c4 g6 31. cxd5 Nxd5 32. Ne2 Kg7 33. Kg2
Kf6 34. Kf2 Nc3 35. Nxc3 Rxc3 36. Re2 Kf5 37. Kg2 h5 38. h4 e5 39. Kg3 f6 40.
Rf2 g5 41. hxg5 fxg5 42. Kg2 Kf4 43. b4 h4 44. a4 Rb3 45. b5 axb5 46. axb5 Rxb5
47. Re2 h3+ 48. Kxh3 Kxf3 49. Rg2 e4 50. Rg3+ Kf2 51. Rg2+ Kf1 52. Rg3 Rf5 53.
Kg4 Re5 54. Ra3 e3 55. Ra1+ Kf2 56. Ra2+ e2 57. Kh3 Kf1 0-1

[Event "Julian Mazur Memorial"]
[Site "Wellington Chess Club"]
[Date "2023.08.03"]
[Round "3.9"]
[White "Ulm, Joy"]
[Black "Forster, Bill"]
[Result "1/2-1/2"]
[WhiteElo "1664"]
[BlackElo "2016"]

1. d4 d6 2. c4 e5 3. dxe5 dxe5 4. Qxd8+ Kxd8 5. Nc3 c6 6. Nf3 f6 7. e3 Be6 8.
Be2 Kc7 9. O-O Nd7 10. Rd1 Nh6 11. b3 Rd8 12. Bb2 Be7 13. Rd2 Nf7 14. Rad1 g5
15. h3 h5 16. Nh2 Rdg8 17. e4 Nf8 18. Nf1 Ng6 19. Ne3 Bc5 20. Nf5 Nh4 21. g4
hxg4 22. Bxg4 Nxf5 23. exf5 Bc8 24. Ne4 Be7 25. Kg2 Nh6 26. Nd6 Rd8 27. Nxc8
Rxd2 28. Rxd2 Kxc8 29. f3 Rd8 30. Rxd8+ Bxd8 31. Kf2 Bb6+ 32. Ke2 Bc5 33. Kd3
Nf7 34. Bc3 Bg1 35. Bb2 Kd7 36. Ba3 c5 37. Bb2 Bd4 38. Bc1 Nd6 39. a4 Kc6 40.
Bd2 b6 41. Be1 a6 42. Bd2 Ne8 43. Be1 1/2-1/2

[Event "Julian Mazur Memorial"]
[Site "Wellington Chess Club"]
[Date "2023.08.03"]
[Round "3.10"]
[White "Marney, John"]
[Black "Aldridge, Alan"]
[Result "1/2-1/2"]
[WhiteElo "1658"]
[BlackElo "1894"]

1. e4 e5 2. Nf3 Nc6 3. Bc4 Bc5 4. c3 Nf6 5. d4 exd4 6. e5 d5 7. Bb5 Ne4 8. cxd4
Bb4+ 9. Nbd2 Bd7 10. Bxc6 Bxc6 11. O-O Nxd2 12. Bxd2 Be7 13. a4 Bd7 14. Qb3 Bc8
15. Bb4 c6 16. Bxe7 Qxe7 17. Qa3 a5 18. Rfc1 Bg4 19. Rc3 Qxa3 20. Raxa3 Bxf3
21. Rxf3 O-O 22. Rfc3 Rfc8 23. f4 g6 24. g4 b6 25. Ra1 Ra7 26. f5 Kf8 27. Rac1
Rac7 28. e6 fxe6 29. fxe6 Ke7 30. Re3 Kd6 31. Rb3 Rb8 32. Rbc3 Re8 33. Rb3 Rxe6
34. Rxb6 Re4 35. Rd1 Rxg4+ 36. Kh1 Re4 37. Ra6 Re2 38. Rxa5 Rxb2 39. Ra8 Rf7
40. a5 Rff2 41. a6 Rxh2+ 42. Kg1 Rhg2+ 43. Kf1 Rgf2+ 44. Kg1 Ra2 45. a7 Kc7 46.
Rb1 Rg2+ 47. Kh1 Rh2+ 48. Kg1 1/2-1/2

[Event "Julian Mazur Memorial"]
[Site "Wellington Chess Club"]
[Date "2023.08.03"]
[Round "3.11"]
[White "Moses, Christopher"]
[Black "McConnell, Jack"]
[Result "0-1"]
[WhiteElo "1879"]
[BlackElo "1640"]

1. e4 e5 2. Nc3 Nf6 3. f4 d5 4. fxe5 Nxe4 5. Qf3 f5 {This move was preparation,
as I saw my opponent reliably goes for this line with the White pieces.} 6.
exf6 {This is a somewhat less critical line, but it has scored fairly well for
White.} 6... Nxf6 7. d4 Bb4 {This should be the best move, though currently it
does not have a particularly good score.} 8. Bg5 O-O 9. O-O-O {This is probably
White's best line, but following up correctly is important as White has some
difficulties to navigate.} 9... Bg4 10. Qg3 $2 {This exchange sacrifice is
fairly dubious. Qxg4 looks problematic but White can successfully defend
against the threats.}  (10. Qxg4 Nxg4 11. Bxd8 Bxc3 (11... Nf2 {This is the
line my opponent was worried about, but WHite is actually doing quite well
here.} 12. Nh3 $5 Nxd1 13. Nxd5 $1 Rxd8 14. Bc4 $1 Kh8 15. Ng5 Rf8 16. Rxd1 Bd6
17. Ne6 Rc8 {This line is extremely complicated and does demand an exchange
sacrifice from White, but the swarming minor pieces keep Black's rooks
sufficiently tangled to provide more than enough counterplay.} ) 12. Nh3 Bxb2+
13. Kxb2 Rxd8 {Black has won a pawn but White has a chance of survival in this
line.} ) 10... Bxd1 11. Kxd1 Bxc3 12. Bd3 $1 {This is an excellent move. Though
White is objectively lost, there are certainly ways for Black to go wrong. By
contrast after bxc3 Black can easily simplify with Ne4.}  (12. bxc3 Ne4 13.
Bxd8 Nxg3 14. hxg3 Rxf1+ 15. Ke2 Ra1 $19) 12... Bxb2 13. Nf3 Nbd7 $6 {This
harmonises poorly with the placement of Black's queen, which will now struggle
to unpin.} 14. Re1 Re8 15. Ne5 Nxe5 {Here I decided to return some material,
given that alowing tactics with Bxh7 after Bxd4 seemed extremely risky an
unnecessary.} 16. dxe5 Bxe5 17. Rxe5 Rxe5 18. Qxe5 Qd6 {Returning more material
to allow for further simplification.} 19. Bxf6 Qxf6 20. Qxd5+ Kh8 21. Qxb7 Re8
{Most moves win, but I was particularly happy with this one, which threatens a
nice mating construction.} 22. Kd2 Qa1 23. Be2 Qd4+ 24. Bd3 c5 {White now has
to allow the trade of queens in order to survive the attack.} 25. Qb5 Qb4+ 26.
Qxb4 cxb4 27. h3 Rc8 28. Kc1 g5 29. Kb2 Rc3 30. a4 a5 31. Kc1 Kg7 32. Kb2 h6
33. Be4 Kf6 34. Bd3 Ke5 35. Bb5 Kf4 36. Ba6 Ke3 37. Bd3 Rxd3 38. cxd3 Kxd3
{This simplification results in an easily winning king and pawn endgame.} 0-1

[Event "Julian Mazur Memorial"]
[Site "Wellington Chess Club"]
[Date "2023.08.03"]
[Round "3.12"]
[White "Sova, Leo"]
[Black "Keith, Matthew"]
[Result "1/2-1/2"]
[WhiteElo "1645"]
[BlackElo "1855"]

1. e4 c5 2. c3 d5 3. exd5 Qxd5 4. d4 Nc6 5. Nf3 Bg4 6. Be2 e5 7. dxe5 Qxd1+ 8.
Bxd1 O-O-O 9. Nbd2 Nge7 10. O-O Ng6 11. Re1 Ncxe5 12. Nxe5 Nxe5 13. Bxg4+ Nxg4
14. f3 Nf6 15. Ne4 Nxe4 16. Rxe4 Rd1+ 17. Kf2 g6 18. Re1 Rxe1 19. Kxe1 Bd6 20.
Kf2 Re8 21. g3 b6 22. Be3 Kc7 23. Rd1 Re7 24. c4 f5 25. Bg5 Re6 26. Re1 Rxe1
27. Kxe1 a6 28. Bf4 Bxf4 29. gxf4 Kd6 30. Ke2 h6 31. Ke3 b5 32. b3 b4 33. h4
Ke6 34. Kf2 Kf6 35. Kg3 g5 36. fxg5+ hxg5 37. hxg5+ Kxg5 38. f4+ 1/2-1/2

[Event "Julian Mazur Memorial"]
[Site "Wellington Chess Club"]
[Date "2023.08.03"]
[Round "3.13"]
[White "Qu, Lucas"]
[Black "Pollock, Gavin"]
[Result "1-0"]
[WhiteElo "1628"]
[BlackElo "1825"]

1. f4 c5 2. Nf3 d5 3. d4 cxd4 4. Nxd4 Nf6 5. Nc3 Nc6 6. Nxc6 bxc6 7. e3 Bf5 8.
h3 h6 9. g4 Bh7 10. Bg2 e6 11. Ke2 Qb6 12. a3 Rd8 13. Qg1 Bxc2 14. b4 Qa6+ 15.
Kf2 Qd3 16. Bb2 d4 17. Bxc6+ Ke7 18. exd4 Rxd4 19. Ne2 Rc4 20. Bxf6+ gxf6 21.
Bb5 Rxf4+ 22. Nxf4 Qxb5 23. Kg3 Ke8 24. Qxa7 Be4 25. Rhc1 Bb7 26. Qb8+ Ke7 27.
Rc7+ Kd6 28. Rxb7+ 1-0

[Event "Julian Mazur Memorial"]
[Site "Wellington Chess Club"]
[Date "2023.08.03"]
[Round "3.14"]
[White "Evans, Oliver"]
[Black "Thirkell, Zachary"]
[Result "0-1"]
[WhiteElo "1571"]
[BlackElo "1799"]

1. e4 c6 2. d4 d5 3. exd5 cxd5 4. Nf3 Bg4 5. Nbd2 Nc6 6. h3 Bh5 7. Be2 Nf6 8.
c3 e6 9. O-O Be7 10. g4 Bg6 11. Qa4 O-O 12. Re1 Re8 13. Bb5 Qb6 14. Ne5 Rac8
15. Nxg6 hxg6 16. g5 Nd7 17. Nf3 a6 18. Bd3 Qc7 19. h4 Bd6 20. Qd1 e5 21. Nxe5
Ncxe5 22. dxe5 Nxe5 23. Be2 Bc5 24. Qxd5 Ng4 25. Bxg4 Qg3+ 26. Qg2 Rxe1# 0-1

[Event "Julian Mazur Memorial"]
[Site "Wellington Chess Club"]
[Date "2023.08.03"]
[Round "3.15"]
[White "de Maupeou d'Ableiges, Alexandre"]
[Black "Darr, Samuel"]
[Result "1-0"]
[WhiteElo "1753"]
[BlackElo "1598"]

1. d4 d5 2. Bf4 Nf6 3. e3 Bf5 4. Bd3 Bg6 5. Nf3 e6 6. Ne5 Bd6 7. O-O Nh5 8.
Nxg6 fxg6 9. Bxd6 cxd6 10. f4 Qb6 11. Nc3 a6 12. Qg4 Ke7 13. Rab1 Nf6 14. Qg5
Nc6 15. f5 Rag8 16. fxe6 Kxe6 17. Be2 Kd7 18. Bg4+ Nxg4 19. Qxg4+ Ke8 20. Qe6+
Ne7 21. Nxd5 Qd8 22. Rf7 1-0

[Event "Julian Mazur Memorial"]
[Site "Wellington Chess Club"]
[Date "2023.08.03"]
[Round "3.16"]
[White "Ulm, Eric"]
[Black "Coates, Alex"]
[Result "0-1"]
[WhiteElo "1433"]
[BlackElo "1745"]

1. e4 b6 2. d4 Bb7 3. Nc3 Nf6 4. Bd3 g6 5. Nf3 Bg7 6. O-O O-O 7. Re1 d6 8. Bd2
Nbd7 9. Qc1 e5 10. dxe5 Nxe5 11. Nxe5 dxe5 12. f3 Qe7 13. h4 Nh5 14. g4 Nf4 15.
g5 Nxd3 16. cxd3 Qd7 17. Qc2 Qh3 18. Kf2 Qh2+ 19. Kf1 Ba6 20. Nd5 Rad8 21. Nb4
Bc8 0-1

[Event "Julian Mazur Memorial"]
[Site "Wellington Chess Club"]
[Date "2023.08.03"]
[Round "3.17"]
[White "Stoeveken, Peter"]
[Black "He, Zachary"]
[Result "1-0"]
[WhiteElo "1743"]
[BlackElo "1150"]

1. d4 Nf6 2. c4 g6 3. Nc3 Bg7 4. e4 d6 5. Nf3 O-O 6. Be2 Bg4 7. O-O Nc6 8. h3
Bxf3 9. Bxf3 Nd7 10. Be3 e5 11. d5 Nd4 12. Bxd4 exd4 13. Na4 Re8 14. Re1 Qf6
15. Qc2 a6 16. Be2 Qf4 17. Bd3 Nc5 18. Nxc5 dxc5 19. Rab1 a5 20. a3 a4 21. Qd1
Bh6 22. Re2 b6 23. Bc2 Kg7 24. Qd3 Re7 25. Rbe1 Ra6 26. Qd1 Qf6 27. Bxa4 Qe5
28. Bc2 Rd7 29. Qd3 Rd6 30. Rb1 c6 31. b4 cxb4 32. Rxb4 c5 33. Rb1 Rd7 34. Bd1
Rda7 35. a4 Qd6 36. Bc2 Re7 37. Rbe1 Qf6 38. Qb3 Qh4 39. Qb5 Rb7 40. Qxa6 1-0

[Event "Julian Mazur Memorial"]
[Site "Wellington Chess Club"]
[Date "2023.08.03"]
[Round "3.18"]
[White "Hill, Matthew"]
[Black "Sethuramalingam, Karthik"]
[Result "0-1"]
[WhiteElo "1364"]
[BlackElo "1730"]

1. c4 e6 2. Nc3 d5 3. e4 d4 4. Nce2 e5 5. Qb3 Nc6 6. d3 Bb4+ 7. Bd2 Bxd2+ 8.
Kxd2 Qg5+ 9. Kd1 Nge7 10. Nf3 Qf6 11. h3 Ng6 12. h4 h6 13. Ng3 Nf4 14. Qb5 a6
15. Qc5 b6 16. Qa3 Bg4 17. b4 Nh3 18. Ke1 Bxf3 19. gxf3 Nf4 20. b5 Qe7 21.
Qxe7+ Nxe7 22. a4 axb5 23. cxb5 Kd7 24. Bh3+ Nxh3 25. Rxh3 Ng6 26. Ne2 Kd6 27.
Ra2 Ra5 28. h5 Ne7 29. f4 exf4 30. Nxf4 Ke5 31. Nd5 Nxd5 32. exd5 Kxd5 33. f4
Re8+ 34. Kf2 c6 35. bxc6 Kxc6 36. Rc2+ Rc5 37. Rc4 Rxc4 38. dxc4 Kc5 39. Rh1
Kxc4 40. Rc1+ Kd5 41. Rc7 Rf8 42. Ke2 g6 43. hxg6 fxg6 44. Rg7 Rf6 45. Rb7 Kc4
46. Kd2 h5 47. Rg7 h4 48. Rh7 Rxf4 49. Rb7 Rf6 50. Rc7+ Kb4 51. Kd3 Kxa4 52.
Rc4+ Kb5 53. Rxd4 h3 54. Rh4 Rf3+ 55. Ke2 Rc3 56. Kf2 Rc2+ 57. Kg3 h2 58. Rxh2
Rxh2 59. Kxh2 Kc4 60. Kg2 b5 61. Kf2 b4 62. Ke2 Kc3 63. Kd1 b3 64. Kc1 g5 0-1

[Event "Julian Mazur Memorial"]
[Site "Wellington Chess Club"]
[Date "2023.08.03"]
[Round "3.20"]
[White "Fairbrother, Rebecca"]
[Black "Katkodia, Ali"]
[Result "0-1"]
[WhiteElo "918"]
[BlackElo "1609"]

1. e4 d6 2. d4 Nf6 3. Nc3 g6 4. Nf3 Bg7 5. Bc4 Nxe4 6. Nxe4 d5 7. Bd3 dxe4 8.
Bxe4 O-O 9. O-O c6 10. Be3 Na6 11. Qd3 f5 12. Qc4+ e6 13. Qd3 fxe4 14. Qxe4 Qb6
15. d5 exd5 16. Qd3 Qxb2 17. Rab1 Qxa2 18. Ng5 Bf5 19. Qb3 Qxb3 20. Rxb3 b5 21.
Rc1 d4 22. Bf4 Nc5 23. Ra3 Rfe8 24. Bd6 Ne4 25. Ra6 Nxd6 26. Rxc6 Nc4 27. Rc5
Bxc2 28. Rxb5 d3 29. Nf3 Bb2 30. Re1 Rxe1+ 31. Nxe1 d2 32. Kf1 Bd3+ 33. Nxd3
d1=Q+ 34. Ne1 Bc3 35. g3 Qxe1+ 36. Kg2 Rf8 37. h4 Rxf2+ 38. Kh3 Qe6+ 0-1

[Event "Julian Mazur Memorial"]
[Site "Wellington Chess Club"]
[Date "2023.08.03"]
[Round "3.21"]
[White "Farrington, Lawrence"]
[Black "Grant, Elliot"]
[Result "0-1"]
[WhiteElo "1506"]
[BlackElo "1200"]

1. d4 Nf6 2. c4 e6 3. Nc3 d5 4. cxd5 exd5 5. Nf3 c5 6. Bg5 Be6 7. e3 h6 8. Bxf6
Qxf6 9. Bb5+ Nc6 10. Ne5 Rc8 11. Qa4 a6 12. Bxc6+ bxc6 13. O-O Be7 14. Qd1 O-O
15. Rc1 cxd4 16. exd4 Rfd8 17. Qf3 Qxf3 18. Nxf3 c5 19. Rfe1 Re8 20. h3 cxd4
21. Nxd4 Bf6 22. Nxe6 fxe6 23. Kf1 Kf7 24. Na4 Rxc1 25. Rxc1 Rd8 26. Rc7+ Kg6
27. Rc6 Kf5 28. b3 d4 29. Ke1 e5 30. g3 Ke4 31. Rc4 Kf3 32. h4 d3 33. Nc3 e4
34. Kd2 Bxc3+ 35. Rxc3 Kxf2 36. Rc1 e3+ 0-1

[Event "Julian Mazur Memorial"]
[Site "Wellington Chess Club"]
[Date "2023.08.03"]
[Round "3.22"]
[White "Lavender, Ariel"]
[Black "Tan, Jin"]
[Result "0-1"]
[WhiteElo "1603"]
[BlackElo "1236"]

1. b3 e5 2. Bb2 Nc6 3. e3 Nf6 4. Bb5 d6 5. d4 exd4 6. Qxd4 a6 7. Bxc6+ bxc6 8.
Nf3 d5 9. c4 Be6 10. Ne5 c5 11. Qd2 Ne4 12. Qd3 f5 13. f3 Qh4+ 14. Kd1 Nf2+ 0-1

[Event "Julian Mazur Memorial"]
[Site "Wellington Chess Club"]
[Date "2023.08.03"]
[Round "3.23"]
[White "Saglam, Azra Sena"]
[Black "Ravi, Vrajesh"]
[Result "1-0"]
[WhiteElo "1546"]
[BlackElo "1102"]

1. c4 e5 2. Nc3 Nf6 3. g3 b6 4. Bg2 Nc6 5. d3 Bb7 6. e4 g6 7. Nge2 Bg7 8. O-O
O-O 9. h3 h6 10. Be3 Nb4 11. a3 Nc6 12. Qd2 Qe7 13. Bxh6 Bxh6 14. Qxh6 Nd4 15.
b4 Nxe2+ 16. Nxe2 a6 17. Qd2 b5 18. f4 bxc4 19. dxc4 exf4 20. Nxf4 Bxe4 21.
Bxe4 Nxe4 22. Qg2 c5 23. Rfe1 Rae8 24. Rad1 cxb4 25. axb4 a5 26. bxa5 Qc5+ 27.
Kh2 Nf2 28. Rd5 Qa7 29. Rf1 Re2 30. Nxe2 Re8 31. Qxf2 Qxf2+ 32. Rxf2 Rc8 33.
Rxd7 Rxc4 34. a6 Ra4 35. a7 Kf8 36. Rd8+ Ke7 37. a8=Q Rxa8 38. Rxa8 Kd7 39.
Rxf7+ Ke6 40. Rb7 Kf5 41. g4+ Kg5 42. Nd4 Kf4 43. Rb5 Ke4 44. Ra4 Kd3 45. Ne6
Kc3 46. Rd4 Kc2 47. Rc5+ Kb3 48. Rd8 Kb4 49. Rb8+ Ka4 50. Rc7 1-0